00979nas a2200229Ia 4500001001100000003000900011008004100020040001300061040001300074041001300087100004700100210001800147222001800165245008900183250001100272260002200283501008600305300001900391362003600410500026000446650004300706R152/H9300IT-RoPAU151124c99999999xx |||||||||||| ||und|| aIT-RoPAU cIT-RoPAU aITALIANO aGrienti VincenzogCodice Aut. SPICS: 59715 aPARABOLA (LA) aParabola (La) aPARABOLA (LA), ANNO VI-N.16 (SETTEMBRE 2009)bChiesa E Internet Nell'Era Del Web 2.0 a1a ed. aROMAbAIARTc2009 bPaulus - SPICS - Società San Paolo EM (non-commercial uses only)cCopyright2015 a22 p. [93-114] aANNO 006, N.16 (SETTEMBRE 2009) aInter Mirifica Decreto Conciliare del 1963; Comunicare Vangelo nel Mondo che Cambia. Chiesa e Internet Cammino Decennale: Internet Nuovo Foro Pre Proclamare Vangelo; Documento Pontificio Etica e Internet. Nuove Tecnologie Nuove Relazioni, Messaggio per Gm aCOMUNICAZIONEvPUBBLICAZIONE PERIODICA